The codebreakers : the story of secret writing

Αποθηκεύτηκε σε:
Λεπτομέρειες βιβλιογραφικής εγγραφής
Κύριος συγγραφέας: Kahn, David 1930-
Μορφή: Βιβλίο
Γλώσσα:English
Δημοσίευση: New York : Scribner, c1996
Έκδοση:[αναθεώρ. έκδ.]
Θέματα:
Ετικέτες: Προσθήκη ετικέτας
Δεν υπάρχουν, Καταχωρήστε ετικέτα πρώτοι!

MARC

LEADER 00000nam a2200000 i 4500
001 1/65335
008 041110s1996 eng d
020 |a 0-684-83130-9 
035 |l 10075190 
040 |a GR-MY-UA  |b gre  |e aacr 
041 0 |a eng 
082 0 |a 652.8  |2 (22) 
100 1 |a Kahn, David  |d 1930- 
245 1 4 |a The codebreakers :  |b the story of secret writing /  |c David Kahn 
250 |a [αναθεώρ. έκδ.] 
260 |a New York :   |b Scribner,   |c c1996 
300 |a xviii, 1181 σ.;  |b εικ.;  |c 25 εκ. 
504 |a Βιβλιογραφία: σ.985-987. Ευρετήριο 
650 0 0 |a Cryptography  |x History. 
852 |a INST  |b SAMOS  |e 20041110  |h 652.8 KAH  |p 005300022815  |q 005300022815  |t BK  |y 0 
852 |a INST  |b SAMOS  |e 20070809  |h 652.8 KAH  |p 005300025542  |q 005300025542  |t BK  |y 0 
901 |a BIBL3-2007-2 
901 |a BIBL3-2004-3 
909 |a Σ  |b 137297 
909 |a Σ  |b 114010 
920 |a ΔΙΕΥΡΥΝΣΗ  |b ΕΠΕΑΕΚ-ΤΜΠΕΣ  |y ΣΑΜΟΣ  |z 2004-10 
922 |a 3ΕΛΗ  |b 200707  |c ΕΠΕΑΕΚ2/ΤΜΠΕΣ  |d ΕΛΕΥΘΕΡΟΥΔΑΚΗΣ 
970 |a ΜΑΛΑΓΑΡΗ  |b ΦΩΤΕΙΝΗ  |z 2004/11/10